000
00240nam a22000977a 4500
100
_a
Majumdar,Jasleen
_9
79829
245
_a
Humorous Tales of Mulla Nasruddin
260
_a
Delhi
_b
DPS books
_c
2018
650
_a
Children Book
_9
79830
942
_c
BK
999
_c
63404
_d
63404